Κατάλογος Βιβλιοθηκών Mediterranean College

Security Analysis and Portfolio Management / Fifth Edition (Record no. 1216)

MARC details
000 -LEADER
fixed length control field 01478cam a22002174a 4500
005 - ΗΜΕΡΟΜΗΝΙΑ ΚΑΙ ΩΡΑ ΤΕΛΕΥΤΑΙΑΣ ΕΝΗΜΕΡΩΣΗΣ
Πεδίο ελέγχου 20250605164001.0
008 - FIXED-LENGTH DATA ELEMENTS--GENERAL INFORMATION
Πεδίο ελέγχου σταθερού μήκους 250528s ||||||||||||||||||||||||d
035 ## - SYSTEM CONTROL NUMBER
System control number 15652
020 ## - ISBN
ISBN 137991495
040 ## - ΠΗΓΗ ΚΑΤΑΛΟΓΟΓΡΑΦΗΣΗΣ
Φορέας πρωτότυπης καταλογογράφησης MC Athens Campus Library
Γλώσσα καταλογογράφησης Ελληνικά, Μοντέρνα (1453-)
Modifying agency MC Athens Campus Library
Κανόνες περιγραφικής καταλογογράφησης AACR2
245 1# - ΤΙΤΛΟΣ ΚΑΙ ΔΗΛΩΣΗ ΥΠΕΥΘΥΝΟΤΗΤΑΣ
Τίτλος Security Analysis and Portfolio Management / Fifth Edition
250 ## - EDITION STATEMENT
Edition statement 5th
260 ## - PUBLICATION, DISTRIBUTION, ETC.
Name of publisher, distributor, etc. Prentice Hall,
Date of publication, distribution, etc. 1991
300 ## - PHYSICAL DESCRIPTION
Extent 772
520 ## - SUMMARY, ETC.
Summary, etc. Preface, The Investment Environment, Introduction to Securities, Markets for Securities and Taxes, Framework of Risk and Return, Security Returns and Valuation, Risk in Holding Securities, Common-Stock Analysis, Economic Analysis, Industry Analysis, Company Analysis: Measuring Earnings, Company Analysis: Forecasting Earnings, Company Analysis: Applied Valuation, Bond Analysis, Bond Analysis: Returns and Systematic Risk, Bond Analysis: Unsystematic Risk, Bond Management Strategies, Options and Futures, Options, Warrants and Convertibles, Futures, Alternative Investments, International Diversification, Venture Capital and Real Estate, Technical Analysis and the Efficient Market Theory, Technical Analysis, Efficient Market Theory, Portfolio Analysis and Selection and Management, Portfolio Analysis, Portfolio Selection, Capital Market Theory, Managed Portfolios and Performance Measurements, Appendix: Mathematical Tables, Index.
700 1# - ΠΡΟΣΘΕΤΗ ΑΝΑΓΡΑΦΗ--ΦΥΣΙΚΟ ΠΡΟΣΩΠΟ
Personal name Fischer Donald E
9 (RLIN) 1613
700 1# - ΠΡΟΣΘΕΤΗ ΑΝΑΓΡΑΦΗ--ΦΥΣΙΚΟ ΠΡΟΣΩΠΟ
Personal name Jordan Ronald J
9 (RLIN) 1614
942 ## - ADDED ENTRY ELEMENTS (KOHA)
Koha item type Books
Holdings
Τύπος τεκμηρίου Βιβλιοθήκη Τρέχουσα τοποθεσία Barcode Αριθμός εισαγωγής Ημερομηνία απόκτησης Ταξιθετικό σύμβολο Αριθμός αντιτύπου Κατάσταση απόσυρσης Κατάσταση χαμένου Κατάσταση κατεστραμμένου Μη δανεισμός Σύνολο δανεισμών Ημερομηνία τελευταίας εμφάνισης Η τιμή ισχύει από
Books MC Athens Campus Library MC Athens Campus Library 9780000012159 2004 05/06/2025 332.6 FIS 1           05/06/2025 05/06/2025

MC Athens Campus Library
Πατησίων 94 & Κοδριγκτώνος 13, 104 34
Πελλήνης 8 & Πατησίων 107, 112 51
Τ: +30 210 8899600

MC Thessaloniki Campus Library
Ίωνος Δραγούμη 21, 54625 | Ίωνος Δραγούμη 15, 54625
Τ: +30 2310 287779 – Τ: +30 2314 440300